000 00758nam a2200265Ia 4500
001 2818
005 20240113233556.0
007 ta
008 170829s2000 ii a g b000 u 465 u
040 _aCotton College,Assa
041 _aeng
082 _a510
_bBe 388 Ex
100 _aBeck, Anatole .
245 0 _aExcursion into Mathematics /
_cAnatole Beck, Micchael N. Bleicher & Donald W. Crowe.
_hTextual Documents
250 _a1st ed. /
260 _aHyderabad :
_bUniversities Press India Pvt Ltd ,
_c2000.
300 _a499p. :
_bill ;
_c24cm .
653 _aMathematics
653 _aG-Mathematics
700 _aBleicher, Micchael N. .
700 _aCrowe, Donald W. .
942 _2ddc
_cBK
999 _c2811
_d2811